Interments and Apparatus: Pressure Measurement PT-II (Record no. 254062)

000 -LEADER
fixed length control field 00259 a2200097 4500
001 - CONTROL NUMBER
control field 18989
090 ## - LOCALLY ASSIGNED LC-TYPE CALL NUMBER (OCLC); LOCAL CALL NUMBER (RLIN)
-- 14073
-- 14073
100 ## - MAIN ENTRY--PERSONAL NAME
Personal name America Society of Mech. Engineers
245 ## - TITLE STATEMENT
Title Interments and Apparatus: Pressure Measurement PT-II
260 ## - PUBLICATION, DISTRIBUTION, ETC.
Place of publication, distribution, etc.
Name of publisher, distributor, etc. A S M E
Date of publication, distribution, etc. 1964
942 ## - ADDED ENTRY ELEMENTS (KOHA)
Institution code [OBSOLETE] NUST-CAE
Koha item type
--
Holdings
Withdrawn status Lost status Damaged status Not for loan Collection code Permanent Location Current Location Date acquired Total Checkouts Barcode Date last seen Price effective from Koha item type
          College of Aeronautical Engineering (CAE) College of Aeronautical Engineering (CAE) 04/03/2017   CAE10960 04/05/2017 04/05/2017 Book
          College of Aeronautical Engineering (CAE) College of Aeronautical Engineering (CAE) 04/03/2017   CAE10961 04/05/2017 04/05/2017 Book
© 2023 Central Library, National University of Sciences and Technology. All Rights Reserved.